000 01410nam a22003857a 4500
003 CHAP
005 20220329135541.0
008 971013s1980 r 00010 d
010 _a38358
011 _a39330
035 _a43450
040 _cCHAP
090 _aTesis
100 0 0 _aPeláez Camarena, Silvestre G.
_986636
245 _aSistema interactivo para programación lineal y programación dinámica
260 _aChapingo, Méx. :
_bEl autor,
_c1980
300 _a150 h.
502 _aTesis (M.C. Esp. en Cómputo estadístico) -- CP. Centro de Estadística y Cálculo
590 _aALEPH
_b10
_c20130110
_lUCH01
_h1304
590 _aBATCH-UPD
_b10
_c20130109
_lUCH01
_h2310
590 _aBATCH-UPD
_b10
_c20130109
_lUCH01
_h2337
590 _aBATCH-UPD
_b10
_c20130110
_lUCH01
_h1936
590 _aBATCH-UPD
_b10
_c20130409
_lUCH01
_h1828
590 _aBATCH-UPD
_b10
_c20130410
_lUCH01
_h1259
590 _aBATCH-UPD
_b10
_c20130914
_lUCH01
_h1006
590 _aCONVERSION
_b10
_c20130109
_lUCH01
_h1321
650 1 4 _aLenguajes de programación.
_965989
650 1 4 _aProgramación lineal.
_992371
710 0 _aColegio de Postgraduados. Chapingo, Méx. Centro de Estadística y Cálculo.
_925078
901 _aBK
942 _cFOLL
949 _bBC
_cTES
_d33724000916151
_eTS2
_fc.3
_i43450
_sb
949 _bBC
_cTES
_d33724002021660
_eTS2
_fc.2
_i43450
_sb
949 _bBC
_cTES
_d434501
_eTS1
_h31971
_i43450
_sb
999 _c38358
_d38358